000 00545nam a22001937a 4500
003 OSt
005 20140310181740.0
008 130322t xxu||||| |||| 00| 0 eng d
020 _a9717891521
050 _aBV 4599.5
_b.C647 2007
082 _aTR 248.4
_bC62 2007
245 _aWhat to do when you don't know what to do :
_bGod will make a way /
_cHenry Cloud & John Townsend
260 _aMetro, Manila :
_bCLC,
_cc2007.
300 _a84 p.
_c16 cm.
521 _aFaculty
541 _j1
562 _e1
942 _2lcc
_cBK-TR
_kTR
999 _c2736
_d2736